000
00278nam a22001217a 4500
008
160503b xxu||||| |||| 00| 0 eng d
020
_a
9781416054429
020
_a
9781416054429
041
_a
eng
080
_a
61
245
_a
Medical assistant:
_c
Study Guide;
942
_2
udc
_c
BK
999
_c
1722
_d
1722